Real property practice

Bibliographic Details
Main Author: Davis, Frank
Other Authors: Wills, Peter
Format: Book
Language:English
Published: Brodway : Petfran pub. , 2003
Subjects:

MARC

LEADER 00000cam a2200000 7i4500
001 0000023186
005 20110719.0
008 110718s a eng
020 |a 0958649359 
040 |a INS 
090 0 0 |a HD1375   |b D39 2003 
100 1 |a Davis, Frank 
245 1 0 |a Real property practice   |c Frank Davis, Peter Wills 
260 |a Brodway :   |b Petfran pub. ,   |c 2003 
300 |a Various pagings :   |b ill. ;   |c 25cm. 
500 |a Hadiah daripada Pusat Sumber INSPEN 
500 |a Includes index 
650 0 |a Real property 
700 1 |a Wills, Peter 
999 |a 1000000025   |b BOOK   |c Open Shelf   |e Default branch